[Event "DVM U12 2019"]
[Site "Magdeburg GER"]
[Date "2019.12.28"]
[Round "3"]
[White "Gold, Jan Christian"]
[Black "Udelnov, Valentin"]
[Result "1-0"]
[Termination "normal"]
[Board "7.1"]
[WhiteElo "1527"]
[BlackElo "1416"]
[WhiteTeam "SK Bad Homburg 1927"]
[BlackTeam "Schachzwerge Magdeburg"]
[PlyCount "77"]
[WhiteFideId "16298128"]
[BlackFideId "16265734"]
[EventCountry "GER"]
[EventRounds "7"]
[EventType "team-swiss"]
[EventDate "2019.12.26"]

1. e4 e5 2. Bc4 Nf6 3. d4 exd4 4. Nf3 Nc6 5. Bg5 Be7 6. Nxd4 Nxe4 7. Bxe7 Qxe7
8. O-O O-O 9. Re1 Re8 10. Nxc6 dxc6 11. Nc3 Bf5 12. Bd3 Nxc3 13. bxc3 Qg5 14.
Rb1 b6 15. Qf3 Bd7 16. Bc4 Qg6 17. Rbd1 Bg4 18. Bxf7+ Qxf7 19. Qxg4 Qxa2 20.
Qd7 Rf8 21. Re7 Rf7 22. Qxc6 Raf8 23. Qxc7 Rxe7 24. Qxe7 Qxc2 25. Qe6+ Kh8 26.
Qe1 a5 27. Rd6 Qb2 28. Re6 a4 29. h3 a3 30. Re8 Qxf2+ 31. Qxf2 Rxe8 32. Qxb6 a2
33. Qa7 g5 34. Qxa2 Kg7 35. c4 Kh6 36. Qa6+ Kh5 37. Kh2 h6 38. g4+ Kh4 39.
Qxh6# 1-0

[Event "DVM U12 2019"]
[Site "Magdeburg GER"]
[Date "2019.12.28"]
[Round "3"]
[White "Herter, Arne"]
[Black "Negru, Maximilian"]
[Result "1-0"]
[Termination "normal"]
[Board "7.2"]
[WhiteElo "1417"]
[BlackElo "1267"]
[WhiteTeam "Schachzwerge Magdeburg"]
[BlackTeam "SK Bad Homburg 1927"]
[PlyCount "85"]
[WhiteFideId "16255372"]
[BlackFideId "16298136"]
[EventCountry "GER"]
[EventRounds "7"]
[EventType "team-swiss"]
[EventDate "2019.12.26"]

1. e4 e5 2. Nf3 Nc6 3. d4 exd4 4. Bc4 Nf6 5. O-O Bb4 6. c3 dxc3 7. bxc3 Ba5 8.
e5 Ne4 9. Qd5 O-O 10. Qxe4 Re8 11. Bg5 Ne7 12. Bh4 d5 13. exd6 cxd6 14. Ng5 Bf5
15. Bxf7+ Kh8 16. Bxe8 Bxe4 17. Nf7+ Kg8 18. Nxd8 Rxd8 19. Bxe7 Rxe8 20. Bxd6
Re6 21. Bb4 Rg6 22. g3 Bb6 23. Nd2 Bd5 24. c4 Bc6 25. c5 Bd8 26. Nc4 Bb5 27.
Rfd1 Bf6 28. Rac1 h5 29. Nd6 Bc6 30. Re1 h4 31. Nf5 Kh7 32. Ne7 Rg4 33. Nxc6
bxc6 34. Bc3 Bg5 35. f3 Rc4 36. f4 Bd8 37. Be5 Ra4 38. Red1 Ba5 39. Rd7 Bb4 40.
Rxg7+ Kh6 41. Rc4 a5 42. f5 Rxa2 43. Rxh4# 1-0

[Event "DVM U12 2019"]
[Site "Magdeburg GER"]
[Date "2019.12.28"]
[Round "3"]
[White "Mandalka, Justus"]
[Black "Petzold, Johannes Julius"]
[Result "0-1"]
[Termination "normal"]
[Board "7.3"]
[WhiteElo "1220"]
[BlackElo "1449"]
[WhiteTeam "SK Bad Homburg 1927"]
[BlackTeam "Schachzwerge Magdeburg"]
[PlyCount "64"]
[WhiteFideId "16298144"]
[BlackFideId "16289455"]
[EventCountry "GER"]
[EventRounds "7"]
[EventType "team-swiss"]
[EventDate "2019.12.26"]

1. e4 c5 2. Nf3 d6 3. d4 cxd4 4. Nxd4 Nf6 5. Nc3 a6 6. Bg5 e6 7. Be2 Be7 8. Qd2
b5 9. a3 Qc7 10. O-O O-O 11. Rad1 Rd8 12. Bf3 e5 13. Nde2 Nc6 14. Nd5 Nxd5 15.
exd5 Bxg5 16. Qxg5 Ne7 17. Rfe1 h6 18. Qd2 Ng6 19. Bh5 Bb7 20. Bxg6 fxg6 21. f4
Rd7 22. Qd3 Rf8 23. Qxg6 Qc5+ 24. Kh1 Bxd5 25. Nc3 Bf7 26. Qg4 Re7 27. f5 Qc6
28. Rf1 Bc4 29. f6 Ref7 30. Rf3 Rxf6 31. Rg3 Rf1+ 32. Rxf1 Rxf1# 0-1

[Event "DVM U12 2019"]
[Site "Magdeburg GER"]
[Date "2019.12.28"]
[Round "3"]
[White "Knoche, Maurice Michael"]
[Black "Radutny, Alexej"]
[Result "0-1"]
[Termination "normal"]
[Board "7.4"]
[WhiteElo "1072"]
[BlackElo "1045"]
[WhiteTeam "Schachzwerge Magdeburg"]
[BlackTeam "SK Bad Homburg 1927"]
[PlyCount "90"]
[WhiteFideId "16297989"]
[BlackFideId "16298152"]
[EventCountry "GER"]
[EventRounds "7"]
[EventType "team-swiss"]
[EventDate "2019.12.26"]

1. e4 e6 2. d4 d5 3. exd5 exd5 4. Nf3 Nc6 5. Nc3 Nf6 6. Bf4 Bb4 7. Bb5 O-O 8.
Qd3 Ne4 9. O-O Bxc3 10. bxc3 Qf6 11. Be5 Nxe5 12. dxe5 Qe6 13. c4 c6 14. cxd5
Qxd5 15. Rfe1 Nc5 16. Qc4 Be6 17. Qxd5 Bxd5 18. Bd3 Nxd3 19. cxd3 c5 20. Rac1
Rac8 21. d4 cxd4 22. Rxc8 Rxc8 23. Nxd4 Bxa2 24. Nf5 Kf8 25. h3 b5 26. Ra1 Be6
27. Nd4 Rb8 28. Rxa7 Bd5 29. Rd7 Be6 30. Ra7 Bd5 31. Ra5 Bc4 32. Nc6 Rc8 33.
Na7 Ra8 34. f4 b4 35. Ra4 Bd3 36. Ra5 b3 37. Nc6 Rxa5 38. Nxa5 b2 39. Nc6 b1=Q+
40. Kh2 Be4 41. Nd8 Qc2 42. Kg3 Qxg2+ 43. Kh4 Bf5 44. e6 Qxh3+ 45. Kg5 f6# 0-1

[Event "DVM U12 2019"]
[Site "Magdeburg GER"]
[Date "2019.12.28"]
[Round "3"]
[White "Robelly, David"]
[Black "Colditz, Elias"]
[Result "1/2-1/2"]
[Termination "normal"]
[Board "8.1"]
[WhiteElo "1289"]
[BlackElo "1708"]
[WhiteTeam "SC Wolfratshausen 1948 e.V."]
[BlackTeam "SV Multatuli Ingelheim e.V."]
[PlyCount "41"]
[WhiteFideId "16236300"]
[BlackFideId "16298039"]
[EventCountry "GER"]
[EventRounds "7"]
[EventType "team-swiss"]
[EventDate "2019.12.26"]

1. Nc3 d5 2. e4 d4 3. Nce2 e5 4. Ng3 Bd6 5. Bc4 Nc6 6. Nf3 Nf6 7. O-O O-O 8. a3
Bd7 9. d3 h6 10. Nh4 Ne7 11. Nh5 Nc6 12. f4 Nxh5 13. Qxh5 exf4 14. Bxf4 Bxf4
15. Rxf4 Be6 16. Bxe6 fxe6 17. Rg4 Qf6 18. Nf3 e5 19. Rg6 Qf4 20. Re1 Rae8 21.
Rg4 1/2-1/2

[Event "DVM U12 2019"]
[Site "Magdeburg GER"]
[Date "2019.12.28"]
[Round "3"]
[White "Strauß, Florian"]
[Black "Pichl, Christoph"]
[Result "1-0"]
[Termination "normal"]
[Board "8.2"]
[WhiteElo "1303"]
[BlackElo "1565"]
[WhiteTeam "SV Multatuli Ingelheim e.V."]
[BlackTeam "SC Wolfratshausen 1948 e.V."]
[PlyCount "35"]
[WhiteFideId "16298047"]
[BlackFideId "16249739"]
[EventCountry "GER"]
[EventRounds "7"]
[EventType "team-swiss"]
[EventDate "2019.12.26"]

1. e4 e5 2. Nf3 d6 3. Bc4 Nf6 4. Ng5 d5 5. exd5 Nxd5 6. Nxf7 Kxf7 7. Qf3+ Ke6
8. Nc3 c6 9. O-O b5 10. Bb3 Bb7 11. Re1 Bc5 12. Qh5 Qc7 13. Qg4+ Kf7 14. Qf5+
Kg8 15. Rxe5 Qf7 16. Nxd5 cxd5 17. Rxd5 g6 18. Rd8+ 1-0

[Event "DVM U12 2019"]
[Site "Magdeburg GER"]
[Date "2019.12.28"]
[Round "3"]
[White "Neuwirth, Mark"]
[Black "Makarov, Mark Alexander"]
[Result "0-1"]
[Termination "normal"]
[Board "8.3"]
[WhiteElo "1314"]
[BlackElo "1243"]
[WhiteTeam "SC Wolfratshausen 1948 e.V."]
[BlackTeam "SV Multatuli Ingelheim e.V."]
[PlyCount "43"]
[WhiteFideId "16244958"]
[BlackFideId "16298055"]
[EventCountry "GER"]
[EventRounds "7"]
[EventType "team-swiss"]
[EventDate "2019.12.26"]

1. e4 e5 2. Nf3 Nc6 3. Bb5 Nge7 4. O-O g6 5. Re1 Bg7 6. c3 d5 7. d4 dxe4 8.
Rxe4 O-O 9. Bg5 Qd5 10. Bxc6 Nxc6 11. Nbd2 exd4 12. cxd4 Nxd4 13. Nxd4 Bxd4 14.
Bh6 Bf5 15. Rf4 Rfd8 16. Qc1 c5 17. Nf3 Bh8 18. h3 Rac8 19. a4 c4 20. Ra3 a5
21. Ng5 Be5 22. g4 0-1

[Event "DVM U12 2019"]
[Site "Magdeburg GER"]
[Date "2019.12.28"]
[Round "3"]
[White "Stiehl, Richard"]
[Black "Schreck, Leo"]
[Result "0-1"]
[Termination "normal"]
[Board "8.4"]
[WhiteElo "1171"]
[BlackElo "1190"]
[WhiteTeam "SV Multatuli Ingelheim e.V."]
[BlackTeam "SC Wolfratshausen 1948 e.V."]
[PlyCount "96"]
[WhiteFideId "16298063"]
[BlackFideId "16279468"]
[EventCountry "GER"]
[EventRounds "7"]
[EventType "team-swiss"]
[EventDate "2019.12.26"]

1. e4 c5 2. Nf3 e6 3. Nc3 Nc6 4. d3 Nf6 5. Bg5 Be7 6. Be2 h6 7. Bf4 b6 8. O-O
O-O 9. Re1 Bb7 10. Qd2 a6 11. e5 Nh7 12. Ne4 f6 13. exf6 Nxf6 14. Nxf6+ Bxf6
15. Rab1 d6 16. c3 e5 17. Bg3 d5 18. Bf1 Re8 19. Qc2 Bc8 20. Nd2 Bf5 21. Rbc1
Re6 22. f4 Qe7 23. Qb3 b5 24. Qxd5 Rd8 25. Qf3 b4 26. fxe5 Bg5 27. Rcd1 g6 28.
d4 cxd4 29. Bc4 Be3+ 30. Bf2 Nxe5 31. Bxe6+ Qxe6 32. Qe2 Bg4 33. Nf3 Bxf2+ 34.
Qxf2 Bxf3 35. gxf3 Qf5 36. Rf1 bxc3 37. bxc3 d3 38. Qe3 g5 39. f4 gxf4 40. Qxf4
Qg6+ 41. Kh1 Qc6+ 42. Kg1 Qxc3 43. Qg3+ Kh7 44. Rc1 Qa5 45. Rcd1 Rg8 46. Qxg8+
Kxg8 47. Rf5 Qc5+ 48. Kf1 Qe3 0-1

[Event "DVM U12 2019"]
[Site "Magdeburg GER"]
[Date "2019.12.28"]
[Round "3"]
[White "Fischer, Darja"]
[Black "Uhlmann, Tim"]
[Result "1-0"]
[Termination "normal"]
[Board "9.1"]
[WhiteElo "1546"]
[BlackElo "1446"]
[WhiteTeam "Karlsruher SF 1853"]
[BlackTeam "SF Neureut 1953 e.V."]
[PlyCount "79"]
[WhiteFideId "16240898"]
[BlackFideId "16239210"]
[EventCountry "GER"]
[EventRounds "7"]
[EventType "team-swiss"]
[EventDate "2019.12.26"]

1. d4 d5 2. c4 e6 3. Nc3 c5 4. cxd5 cxd4 5. Qa4+ Bd7 6. Qxd4 exd5 7. Qxd5 Nc6
8. Nf3 Nf6 9. Qb3 Qc7 10. Bg5 Be6 11. Qc2 Nb4 12. Qc1 Bf5 13. Nd4 Qc5 14. Bxf6
gxf6 15. Nxf5 Qxf5 16. e4 Qg6 17. Bb5+ Nc6 18. g3 Bh6 19. Qc2 O-O 20. Bxc6 bxc6
21. O-O Kh8 22. Qe2 Rg8 23. Qf3 Rab8 24. Rab1 Bf8 25. Rfd1 Bc5 26. Rd2 Rg7 27.
Rbd1 Bb6 28. Rd6 Ba5 29. Rxf6 Qg5 30. Rf5 Qe7 31. Rxa5 Rxb2 32. Rxa7 Qe6 33.
Rdd7 h6 34. Rxf7 Rxf7 35. Rxf7 Rc2 36. Rf6 Qc4 37. Rf8+ Qg8 38. Qf6+ Kh7 39.
Rxg8 Kxg8 40. Qxc6 1-0

[Event "DVM U12 2019"]
[Site "Magdeburg GER"]
[Date "2019.12.28"]
[Round "3"]
[White "Scheinmaier, Mark"]
[Black "Kiefhaber, Tobias"]
[Result "1/2-1/2"]
[Termination "normal"]
[Board "9.2"]
[WhiteElo "1399"]
[BlackElo "1483"]
[WhiteTeam "SF Neureut 1953 e.V."]
[BlackTeam "Karlsruher SF 1853"]
[PlyCount "70"]
[WhiteFideId "16238958"]
[BlackFideId "16240693"]
[EventCountry "GER"]
[EventRounds "7"]
[EventType "team-swiss"]
[EventDate "2019.12.26"]

1. d4 Nf6 2. c4 d6 3. Nc3 e5 4. dxe5 dxe5 5. Qxd8+ Kxd8 6. Bg5 c6 7. Nf3 Nbd7
8. O-O-O Kc7 9. a3 Ne8 10. e4 f6 11. Be3 Bc5 12. Bxc5 Nxc5 13. b4 Ne6 14. c5 g6
15. Bc4 Nf4 16. Ne1 Be6 17. Bxe6 Nxe6 18. Nf3 N8g7 19. g3 Rad8 20. Rxd8 Rxd8
21. Rd1 Rxd1+ 22. Kxd1 Nd8 23. Nd2 Nge6 24. Ne2 Nf7 25. Kc2 Kd7 26. Kd3 Nc7 27.
Nc4 Nh6 28. f3 Nf7 29. Ke3 Ne6 30. Kd3 Kc7 31. a4 b6 32. cxb6+ axb6 33. Ne3 Kd7
34. Nc4 Kc7 35. Ne3 Kd7 1/2-1/2

[Event "DVM U12 2019"]
[Site "Magdeburg GER"]
[Date "2019.12.28"]
[Round "3"]
[White "Liu, Leon"]
[Black "Dasselaar, Hendrik"]
[Result "0-1"]
[Termination "normal"]
[Board "9.3"]
[WhiteElo "1344"]
[BlackElo "1133"]
[WhiteTeam "Karlsruher SF 1853"]
[BlackTeam "SF Neureut 1953 e.V."]
[PlyCount "72"]
[WhiteFideId "16275047"]
[BlackFideId "16259297"]
[EventCountry "GER"]
[EventRounds "7"]
[EventType "team-swiss"]
[EventDate "2019.12.26"]

1. e4 e5 2. Nf3 Nc6 3. Bc4 Bc5 4. c3 Nge7 5. d4 exd4 6. cxd4 Bb4+ 7. Bd2 d5 8.
exd5 Nxd5 9. Bxb4 Ndxb4 10. d5 Qe7+ 11. Kf1 Qc5 12. Qe2+ Ne7 13. Nc3 Bf5 14. a3
Nc2 15. b4 Qb6 16. Na4 Qf6 17. Ra2 O-O 18. Bd3 Nd4 19. Nxd4 Qxd4 20. Bxf5 Nxf5
21. Qd2 Qc4+ 22. Kg1 Rfe8 23. h3 Rad8 24. Qc2 Qxd5 25. Nc3 Qd6 26. g3 Nxg3 27.
Rh2 Nf1 28. Rg2 Re1 29. f3 Ne3+ 30. Kf2 Nxc2 31. Rxc2 Re6 32. Nb5 Qd3 33. Rc5
Re2+ 34. Kg1 Qe3+ 35. Kh2 Qf4+ 36. Kg1 Rd1# 0-1

[Event "DVM U12 2019"]
[Site "Magdeburg GER"]
[Date "2019.12.28"]
[Round "3"]
[White "Braun, Justus"]
[Black "Kossert, Simon"]
[Result "1-0"]
[Termination "normal"]
[Board "9.4"]
[WhiteElo "1260"]
[BlackElo "1343"]
[WhiteTeam "SF Neureut 1953 e.V."]
[BlackTeam "Karlsruher SF 1853"]
[PlyCount "117"]
[WhiteFideId "16239954"]
[BlackFideId "16283287"]
[EventCountry "GER"]
[EventRounds "7"]
[EventType "team-swiss"]
[EventDate "2019.12.26"]

1. g3 e5 2. Bg2 c5 3. Nc3 Nf6 4. d3 d6 5. Bg5 Be7 6. Bxf6 Bxf6 7. Nd5 Nc6 8. e3
Be6 9. Ne2 O-O 10. Nec3 Rc8 11. e4 Bxd5 12. Nxd5 Nb4 13. Ne3 b5 14. c3 Na6 15.
Nf5 g6 16. Nh6+ Kh8 17. Ng4 b4 18. Bh3 Rb8 19. Qf3 Bg7 20. O-O f5 21. Ne3 f4
22. Nd5 fxg3 23. Qxg3 bxc3 24. bxc3 Nc7 25. Ne3 Bh6 26. Kh1 Bf4 27. Qg4 Nb5 28.
Nd5 Nc7 29. Nxf4 Rxf4 30. Qg3 Qh4 31. Kg2 g5 32. Kg1 Qxg3+ 33. hxg3 Rf3 34.
Rfd1 Rb2 35. Rf1 Rxd3 36. Rab1 Rxb1 37. Rxb1 d5 38. Rb8+ Kg7 39. Rb7 Kh6 40.
Rxc7 Rxc3 41. exd5 Rd3 42. Rxc5 Kh5 43. Bf1 Rd1 44. Kg2 g4 45. Bc4 Rd2 46. Rc7
e4 47. Rxh7+ Kg5 48. Re7 Rd4 49. Be2 Rxd5 50. Rxe4 Rd2 51. Rxg4+ Kf5 52. Ra4
Rxe2 53. Rxa7 Kg4 54. a4 Rd2 55. a5 Ra2 56. a6 Kf5 57. Ra8 Ke4 58. a7 Kd4 59.
Rd8+ 1-0

[Event "DVM U12 2019"]
[Site "Magdeburg GER"]
[Date "2019.12.28"]
[Round "3"]
[White "Isbilir, Levin"]
[Black "Pick, Max"]
[Result "1/2-1/2"]
[Termination "normal"]
[Board "10.1"]
[WhiteElo "1175"]
[BlackElo "1635"]
[WhiteTeam "SC Erlangen 48/88"]
[BlackTeam "Schachklub Kerpen 64 e. V."]
[PlyCount "44"]
[WhiteFideId "16267192"]
[BlackFideId "16210883"]
[EventCountry "GER"]
[EventRounds "7"]
[EventType "team-swiss"]
[EventDate "2019.12.26"]

1. e4 e6 2. d4 d5 3. e5 c5 4. c3 Nc6 5. Nf3 Qb6 6. Be2 Nge7 7. Na3 Nf5 8. Nc2
cxd4 9. cxd4 Nb4 10. Bd3 Nxd3+ 11. Qxd3 Bd7 12. Qd1 Bb5 13. g4 Ne7 14. Na3 Nc6
15. Nxb5 Qxb5 16. a3 Be7 17. Qe2 Qxe2+ 18. Kxe2 Na5 19. Bd2 Nb3 20. Rad1 Rc8
21. Bc1 Kd7 22. Nd2 Nxd2 1/2-1/2

[Event "DVM U12 2019"]
[Site "Magdeburg GER"]
[Date "2019.12.28"]
[Round "3"]
[White "Atar, Efecan"]
[Black "Wedekind, Ferdinand"]
[Result "1-0"]
[Termination "normal"]
[Board "10.2"]
[WhiteElo "1417"]
[BlackElo "1215"]
[WhiteTeam "Schachklub Kerpen 64 e. V."]
[BlackTeam "SC Erlangen 48/88"]
[PlyCount "47"]
[WhiteFideId "16266420"]
[BlackFideId "16298179"]
[EventCountry "GER"]
[EventRounds "7"]
[EventType "team-swiss"]
[EventDate "2019.12.26"]

1. d4 d5 2. c4 e6 3. Nc3 Nf6 4. cxd5 exd5 5. Bg5 Be7 6. e3 O-O 7. Bd3 Re8 8.
Nge2 Nc6 9. O-O Bg4 10. Qc2 Qd7 11. a3 Rad8 12. Nf4 h6 13. Bxf6 Bxf6 14. Nfxd5
Qd6 15. Bf5 Bxf5 16. Qxf5 Ne7 17. Nxf6+ gxf6 18. Qg4+ Kh7 19. Ne4 Qb6 20. b4 f5
21. Qf3 fxe4 22. Qxf7+ Kh8 23. Rac1 Rd7 24. Qxe8+ 1-0

[Event "DVM U12 2019"]
[Site "Magdeburg GER"]
[Date "2019.12.28"]
[Round "3"]
[White "Frech, Luis"]
[Black "Hartl, Jan"]
[Result "1-0"]
[Termination "normal"]
[Board "10.3"]
[WhiteElo "1175"]
[BlackElo "1186"]
[WhiteTeam "SC Erlangen 48/88"]
[BlackTeam "Schachklub Kerpen 64 e. V."]
[PlyCount "91"]
[WhiteFideId "16298187"]
[BlackFideId "16258460"]
[EventCountry "GER"]
[EventRounds "7"]
[EventType "team-swiss"]
[EventDate "2019.12.26"]

1. c4 e5 2. Nc3 Nc6 3. g3 Nf6 4. Bg2 Bc5 5. e4 O-O 6. Nf3 Ng4 7. O-O Qf6 8. Qe2
d6 9. Nd5 Qh6 10. h4 Qg6 11. a3 a6 12. b4 Ba7 13. b5 Nd4 14. Ne7+ Kh8 15. Nxg6+
fxg6 16. Qd1 Be6 17. d3 axb5 18. cxb5 Bb3 19. Qd2 Rxf3 20. Kh1 Rf7 21. Bb2 Raf8
22. Qg5 Nxf2+ 23. Kg1 Nc2 24. Kh2 Nxa1 25. Rxa1 Nxd3 26. Bc3 Rf2 27. Qe7 Rc2
28. Qxf8+ Bg8 29. Bb4 Nf2 30. Be1 Ng4+ 31. Kh3 Nf2+ 32. Bxf2 Rxf2 33. Qa8 Bd4
34. Rf1 Rf6 35. Rxf6 gxf6 36. Qf8 h5 37. Qxf6+ Kh7 38. Qe7+ Kh8 39. Qxc7 Be6+
40. Kh2 Bc5 41. Qxb7 Bxa3 42. b6 Bc5 43. Qb8+ Kh7 44. b7 Kh6 45. Qe8 Bf7 46.
Qh8# 1-0

[Event "DVM U12 2019"]
[Site "Magdeburg GER"]
[Date "2019.12.28"]
[Round "3"]
[White "Ilhan, Kiwan Noah"]
[Black "Bajaj, Pranit"]
[Result "1-0"]
[Termination "normal"]
[Board "10.4"]
[WhiteElo "912"]
[BlackElo "935"]
[WhiteTeam "Schachklub Kerpen 64 e. V."]
[BlackTeam "SC Erlangen 48/88"]
[PlyCount "53"]
[WhiteFideId "16298110"]
[BlackFideId "16298195"]
[EventCountry "GER"]
[EventRounds "7"]
[EventType "team-swiss"]
[EventDate "2019.12.26"]

1. e4 e5 2. Nf3 Nc6 3. Nc3 Nf6 4. Bc4 Nb4 5. Nxe5 d5 6. exd5 Nbxd5 7. O-O Bd6
8. Nxd5 Bxe5 9. Re1 Ng4 10. d4 b5 11. Bxb5+ Bd7 12. Bxd7+ Qxd7 13. dxe5 O-O 14.
e6 fxe6 15. Qxg4 Qxd5 16. Bh6 Rf7 17. c4 Qc5 18. Be3 Qb4 19. Rad1 Re8 20. Qd4
a6 21. a3 Qb7 22. Rd2 e5 23. Qd5 c6 24. Qe4 Ref8 25. Qg4 Rf6 26. Rd7 Qxb2 27.
Qxg7# 1-0